000 00298nam a22001217a 4500
020 _a0-201-19830-4
082 _a005.3 GOR'C
100 _aGORMAN, M, HAGGARD, G
_967669
245 _aCOMPUTING FUNDAMENTALS MICROSOFT WORD 5.0
260 _aNEWYORK
_bBENJAMIN
_c1990
300 _a275P
942 _cBK
999 _c575391
_d575391